000 00886nam a2200217Ia 4500
003 GCL
008 140319s9999 xx 000 0 ara d
020 _a6561601977
040 _aGCL /
_cGCL
082 0 4 _a962.404
_bس س
100 1 _aسلاطين باشا
245 1 0 _aالسيف والنار فى السودان /
_cسلاطين باشا
260 _aالقاهرة :
_bالهيئة المصرية العامة للكتاب ،
_c1999
300 _a503 ص ؛
_c22 سم
490 _aتاريخ المصريين
_v161
650 0 4 _aدارفور - تاريخ
650 0 4 _aالسودان - تاريخ - سلطنة درافور
650 0 4 _aالسودان - تاريخ - العصر الحديث - الثورة المهدية ( 1882 - 1899 )
650 0 4 _aالسودان - تاريخ - العصر الحديث - الحكم المصرى البريطانى
942 _2ddc
_cBK
999 _c58276
_d58276